Clinical evidence : (Record no. 4930)

MARC details
000 -LEADER
fixed length control field 00521nam a22001817a 4500
003 - CONTROL NUMBER IDENTIFIER
control field OSt
005 - DATE AND TIME OF LATEST TRANSACTION
control field 20160808153951.0
008 - FIXED-LENGTH DATA ELEMENTS--GENERAL INFORMATION
fixed length control field 160808b xxu||||| |||| 00| 0 eng d
020 ## - INTERNATIONAL STANDARD BOOK NUMBER
International Standard Book Number 0727915045
040 ## - CATALOGING SOURCE
Transcribing agency 040a
082 ## - DEWEY DECIMAL CLASSIFICATION NUMBER
Classification number WB 100
Item number C615 2001
245 ## - TITLE STATEMENT
Title Clinical evidence :
Remainder of title a compendium of the best available for effective health care /
260 ## - PUBLICATION, DISTRIBUTION, ETC. (IMPRINT)
Place of publication, distribution, etc. London
Name of publisher, distributor, etc. BMJ Publishing group
Date of publication, distribution, etc. 2001
300 ## - PHYSICAL DESCRIPTION
Extent xxiii, 1432p;
Dimensions 15 cm.
504 ## - BIBLIOGRAPHY, ETC. NOTE
Bibliography, etc Includes index
650 ## - SUBJECT ADDED ENTRY--TOPICAL TERM
Topical term or geographic name as entry element Clinical evidence
9 (RLIN) 10482
942 ## - ADDED ENTRY ELEMENTS (KOHA)
Source of classification or shelving scheme Other/Generic Classification Scheme
Koha item type Open Shelf
Holdings
Withdrawn status Lost status Source of classification or shelving scheme Damaged status Not for loan Home library Current library Date acquired Source of acquisition Inventory number Total Checkouts Full call number Barcode Date last seen Price effective from Koha item type
    Other/Generic Classification Scheme     MUST Main Library MUST Main Library 08/08/2016   2003/18001   WB 100 C615 2001 2016-3536 08/08/2016 08/08/2016 Open Shelf
    Other/Generic Classification Scheme     MUST Main Library MUST Main Library 08/08/2016   2003/18102   WB 100 C615 2001 2016-3537 08/08/2016 08/08/2016 Open Shelf
    Other/Generic Classification Scheme     MUST Main Library MUST Main Library 08/08/2016   2003/18104   WB 100 C615 2001 2016-3538 08/08/2016 08/08/2016 Open Shelf